000 01682nam a2200217 4500
001 9071
090 _a9071
099 _tLIVR
100 _a20251016d u||y0frey5050 ba
101 _afre
102 _aTN
200 _aLes réfugiés espagnols en Tunisie
_eL'exil républicain
_bLIVR
_fBéchir Yazidi
_gMeimouna Hached
_gDaniel Pardo
210 _aTunis
_cSantillana
_dJuin 2025
225 _aTunisie plurielle
330 _aLes réfugiés espagnols en Tunisie "La fin de la guerre civile espagnole (1936-1939), fut marquée par la chute de la ville de Carthagène, considérée comme dernier poumon de la seconde république espagnole. Cet événement obligea l'amiral de la flotte républicaine à donner l'ordre à tous les responsables des différents unités navales de partir et " "ne sachant à quel gouvernement s'adresser, il donne l'ordre, après avoir consulté ses commandants de bord, de mettre le cap sur Bizerte". Le départ de cette flotte constitua un épisode important de la guerre civile et la fin de la résistance républicaine. L'arrivée de cette flotte au début du mois de mars 1939 à Bizerte donna lieu à toute une organisation des préparatifs de la part des autorités françaises pour gérer convenablement la situation. Ce fut également les débuts d'une nouvelle vie pour les 4.000 marins réfugiés loin de leur patrie et de leurs familles.
606 _aLes réfugiés espagnols en Tunisie
_xL'exil républicain
_xL'arrivée des espagnols en Tunisie
_924121
700 _4070
_a Yazidi
_bBéchir
_924122
701 _4730
_aHached
_bMeimouna
_924123
701 _4080
_a Pardo
_bDaniel
_924124
801 _aTN
_b32BIS
_c20251016
_gUNIMARC
830 _aMS